Tamadun Islam

Bibliographic Details
Main Author: Mustafa Haji Daud
Format: Book
Published: Kuala Lumpur : Utusan Publications & Distributors , 1991
Subjects:

MARC

LEADER 00000cam a2200000 7i4500
001 0000005313
002 000005739
005 20000330.0
020 |a T000000468 
090 0 0 |a 297.4   |b MUS 
100 0 |a Mustafa Haji Daud 
245 1 0 |a Tamadun Islam   |c Mustafa Haji Daud 
260 |a Kuala Lumpur :   |b Utusan Publications & Distributors ,   |c 1991 
300 |a 459p. ;   |c 22cm. 
650 0 0 |a Islamic civilization 
999 |a 037724   |b BUKU   |c PINJAMAN   |e PERPUSTAKAAN KOMUNITI PETALING JAYA